|
|
|
|
| LEADER |
00000cam a2200000 a 4500 |
| 001 |
vtls008326666 |
| 003 |
SK-MaSNL |
| 005 |
20260301164634.0 |
| 008 |
231120s1970 xo a e np 00| 0 slo |
| 015 |
|
|
|a SNBA1970/07-01392
|
| 035 |
|
|
|a SK01SNK19700018883
|
| 035 |
|
|
|a SKM000021346
|
| 040 |
|
|
|a SNK
|b slo
|c SNK
|e AACR2
|
| 041 |
0 |
|
|a slo
|
| 044 |
|
|
|a xo
|c SK
|
| 080 |
|
|
|a 657:656.2(075.8)
|2 1981
|
| 080 |
|
|
|a 656.2:657(075.8)
|2 1981
|
| 100 |
1 |
|
|a Gazíková, Zora
|4 aut
|9 424836
|
| 245 |
1 |
0 |
|a Účtovníctvo v železničnej doprave
|b ... dočasná vysokoškolská učebnica
|c Zora Gazdíková
|
| 250 |
|
|
|a 1. vyd.
|
| 260 |
|
|
|a Bratislava
|b Alfa
|a Žilina
|b VŠD
|c 1970
|e Bratislava
|f Západoslovenské tlačiarne 42
|
| 300 |
|
|
|a 227, [1] s.
|b ilustrácie, schémy, tabuľky
|c 4°
|
| 366 |
|
|
|e 150 kusov
|
| 490 |
1 |
|
|a Dočasné vysokoškolské učebnice
|
| 500 |
|
|
|a Lit. Pozn. Odkazy na lit.
|
| 500 |
|
|
|a Vyd. VŠD Žilina v nakl. Alfa
|
| 650 |
0 |
7 |
|a účtovníctvo
|2 SNKPH
|9 649
|
| 650 |
0 |
7 |
|a železničná doprava
|2 SNKPH
|9 3185
|
| 655 |
|
7 |
|a učebnice vysokých škôl
|2 SNKPH
|9 70191
|
| 830 |
|
0 |
|a Dočasné vysokoškolské učebnice
|9 278602
|
| 958 |
|
|
|a OND
|
| 958 |
|
|
|a UV
|
| 958 |
|
|
|a NB
|
| 958 |
|
|
|a TL
|
| 958 |
|
|
|a RK
|
| 958 |
|
|
|a EUIPO
|
| 999 |
|
|
|c 821321
|d 823251
|
| 952 |
|
|
|a SNK
|b SNK
|y PREZ
|7 0
|p 17A0808402
|o snkSB 16090
|i snkKSP 5077/70
|0 0
|1 0
|4 0
|d 2015-01-15
|l 0
|r 2026-02-24 03:06:46
|w 2026-02-24
|
| 952 |
|
|
|a SNK
|b SNK
|y VYP
|7 0
|o snkSB 16090 D1
|i snkKSP 5078/70
|0 0
|1 0
|4 0
|d 2015-01-15
|l 0
|r 2026-02-24 03:06:46
|w 2026-02-24
|
| 952 |
|
|
|a SNK
|b SNK
|y VYP
|7 0
|o snkSB 16090 D2
|i snkD 1339/76
|8 1
|0 0
|1 0
|4 0
|d 2015-01-15
|l 0
|r 2026-02-24 03:06:46
|w 2026-02-24
|